MARC details
| 000 -CABECERA |
| campo de control de longitud fija |
01031nam a2200265 a 4500 |
| 001 - NÚMERO DE CONTROL |
| campo de control |
000020572 |
| 005 - FECHA Y HORA DE LA ÚLTIMA TRANSACCIÓN |
| campo de control |
20251105110124.0 |
| 008 - DATOS DE LONGITUD FIJA--INFORMACIÓN GENERAL |
| campo de control de longitud fija |
100810s1949 mx r 000 0 spa d |
| 040 ## - FUENTE DE LA CATALOGACIÓN |
| Centro catalogador/agencia de origen |
DO-SdBNP |
| Lengua de catalogación |
spa |
| Centro/agencia transcriptor |
BNPHU |
| 082 ## - NÚMERO DE LA CLASIFICACIÓN DECIMAL DEWEY |
| Número de clasificación |
H860.42 |
| Número de documento/Ítem |
H519c |
| 100 1# - ENTRADA PRINCIPAL--NOMBRE DE PERSONA |
| Nombre de persona |
Henríquez Ureña, Pedro, |
| Fechas asociadas al nombre |
1884-1946 |
| 9 (RLIN) |
1718 |
| 245 14 - MENCIÓN DE TÍTULO |
| Título |
Las corrientes literarias en la América Hispánica / |
| Mención de responsabilidad, etc. |
Pedro Henríquez Ureña ; traducción Joaquín Díez-Canedo. |
| 260 ## - PUBLICACIÓN, DISTRIBUCIÓN, ETC. |
| Lugar de publicación, distribución, etc. |
México : |
| Nombre del editor, distribuidor, etc. |
Fondo de Cultura Económica, |
| Fecha de publicación, distribución, etc. |
1949. |
| 300 ## - DESCRIPCIÓN FÍSICA |
| Extensión |
343 p. ; |
| Dimensiones |
22 cm. |
| 490 1# - MENCIÓN DE SERIE |
| Mención de serie |
Literatura dominicana pensamiento y acción |
| 500 ## - NOTA GENERAL |
| Nota general |
Incluye índice de nombres |
| 504 ## - NOTA DE BIBLIOGRAFÍA, ETC. |
| Nota de bibliografía, etc. |
Bibliografía : p. 275-299 |
| 590 ## - NOTA LOCAL (RLIN) |
| Nota local |
Inventariado, 2020/BT |
| 650 #4 - PUNTO DE ACCESO ADICIONAL DE MATERIA--TÉRMINO DE MATERIA |
| Término de materia o nombre geográfico como elemento de entrada |
Literatura latinoamericana |
| Subdivisión general |
Historia y crítica |
| 9 (RLIN) |
5706 |
| 650 #0 - PUNTO DE ACCESO ADICIONAL DE MATERIA--TÉRMINO DE MATERIA |
| Término de materia o nombre geográfico como elemento de entrada |
Civilización |
| 9 (RLIN) |
4943 |
| 651 #0 - PUNTO DE ACCESO ADICIONAL DE MATERIA--NOMBRE GEOGRÁFICO |
| Nombre geográfico |
América Latina |
| Subdivisión general |
Civilización |
| 9 (RLIN) |
16665 |
| 700 1# - PUNTO DE ACCESO ADICIONAL--NOMBRE DE PERSONA |
| Nombre de persona |
Díez-Canedo, Joaquín, |
| Término indicativo de función/relación |
tr. |
| 9 (RLIN) |
43295 |
| 830 #0 - PUNTO DE ACCESO ADICIONAL DE SERIE-TÍTULO UNIFORME |
| Título uniforme |
Literatura dominicana pensamiento dominicano |
| 9 (RLIN) |
43296 |
| 910 ## - DATOS DE OPCIÓN DEL USUARIO (OCLC) |
| Datos de opción del usuario |
Validado. Control de calidad MFF |